ADVANCED learner's dictionary of computer
| Format: | Book |
|---|---|
| Published: |
New Delhi :
Anmol Pub. ,
2000
|
| Subjects: |
MARC
| LEADER | 00000cam a2200000 7i4500 | ||
|---|---|---|---|
| 001 | 0000001157 | ||
| 005 | 20140115.0 | ||
| 020 | 0 | 0 | |a 8126104740 |
| 090 | 0 | 0 | |a 004.03 |b ADV 2000 |
| 245 | 0 | 0 | |a ADVANCED learner's dictionary of computer |
| 260 | 0 | 0 | |a New Delhi : |b Anmol Pub. , |c 2000 |
| 300 | |a 224 p. ; |c 24 cm. | ||
| 650 | 0 | 0 | |a Computers |x Dictionaries |
| 998 | |a JPSM | ||
| 999 | |a 0000002102 |b Monograph |c Open Shelf |e Default branch | ||